000 00629nam a2200145 a 4500
001 000037806
005 20201002031121.0
008 130306s1986 000 spa d
020 _a8400061128
040 _aDO-SdBNP
_bspa
_cBNPHU
245 1 0 _aHistoria y futuro de la ciudad Iberoamericana :
_bun curso en la universidad internacional Menéndez Pelayo /
_cFrancisco de Solano Coordidor.
260 _aMadrid :
_bConsejo Superior de Investigaciónes Cientificas, Centro de Estudios Historicos. Universidad Internacional Menendez Pelayo,
_c1986.
300 _a183 p. :
_bil. ;
_c21 cm.
700 1 _aSolano, Francisco, de
_ecoor.
_964253
999 _c37296
_d37296